000 00817nam a2200289Ia 4500
001 40630
005 20240114003347.0
007 ta
008 071227s2007 g b000 u 903 u
040 _aCotton College Asaam
041 _a903
082 _a572
_bPr 885 Ex
100 _aPramanick , Swapan Kumar .
245 0 _aExplorations in Anthropology /
_cSwapan Kumar Pramanick and Samita Manna.
_hTextual Documents
250 _a2nd Edn /
260 _aNew Delhi :
_bSerials Publications ,
_c2007.
300 _a570p. ;
_c23cm..
500 _aIssued to the Deptt Anthropology 395/Anth
653 _aAnthropology
653 _aDeptt- Anthropology
653 _aG- Anthropology
942 _2ddc
_cBK
999 _c40601
_d40601